| 000 | 01172nam a22002177a 4500 | ||
|---|---|---|---|
| 999 |
_c60186 _d60186 |
||
| 003 | Ge_BSU | ||
| 005 | 20230615164123.0 | ||
| 008 | 230615s1949 ge ||||| |||| 00| 0 geo d | ||
| 041 | _ageo | ||
| 080 | _a821.133.1-32 ვ-75 | ||
| 100 |
_aვოლტერი _918747 |
||
| 245 |
_aფილოსოფიური მოთხრობები. ზადიგი, კანდიდი, ბაბილონის პრინცესა / _cვოლტერი ; თარგ. ფრანგულიდან რ. დოდაშვილის და ნ. ქადეიშვილის მიერ. |
||
| 264 |
_aთბილისი : _bსახელგამი, _c1949. |
||
| 300 |
_a328გვ. : _bილ. ; _c21 სმ. |
||
| 501 | _aდანართი: შენიშვნები, გვ. 283-294. | ||
| 653 | _aფრანგული პროზა | ||
| 653 | _aთარგმანები ქართულ ენაზე. | ||
| 700 |
_aდოდაშვილი, რ. _eმთარგმნელი _916227 |
||
| 700 |
_aქადეიშვილი, ნ. _eმთარგმნელი _918748 |
||
| 942 |
_2udc _cBK |
||